00713nam a2200229Ia 4500003000900000008004100009040001300050040001300063041000800076100001600084100000900100245008800109250001200197260001500209260000900224300001100233300001000244490000600254942000700260999001700267952019900284IT-RoPAU120407s9999 xx 000 0 und d aIT-RoPAU cIT-RoPAU aita aTullo Goffi ccur. a"Problemi e prospettive di spiritualità. A cura di Tullo Goffi - Bruno Secondin." aBrescia aQueriniana c1983 a464 p. c24 cm v1 cBK c34903d34903 00102ddc406248_12000000000000071aPAULUSbPAULUSd2012-04-11l0o248.120r2012-04-11 00:00:00w2012-04-11yBKzInserito da: Anna In data: 12 settembre 2011 fondo: Via A.Severo 56 Progr:29949